000 00265nam a22001217a 4500
005 20251003115155.0
008 251003b |||||||| |||| 00| 0 eng d
040 _cPK-LaNCA
082 _a920
_bLOU
245 _aLouis Khan
650 _aArchitecture
942 _cBK
999 _c66801
_d66801